000 00834nas a2200241 4500
001 BR8501629
003 BR-BrBNA
005 20231205090142.0
007 ta
008 230509b bl.|||p| |||| 00| 00por d
040 _aBR-BrBNA
_bpor
_cBiblioteca Nacional de Agricultura
041 _a(Pt)
072 _aL53
100 1 _aMorelli, R.H.
100 1 _aPinheiro, L.E.L.
100 1 _aOliveira Filho, E.B.
245 1 _aEstudo comparativo entre microscopia convencional de contraste de fase e contraste de interferencia diferencial na avaliacao morfologica de espermatozoides de bovinos
650 _aBOVINO
650 _aESPERMATOZOIDE
773 0 _tRevista Brasileira de Reproducao Animal (Brazil)
_xISSN 0102-0803
_g(1984), v. 8(4) p. 215-221
_wBR8501629
909 _a202311
_bLúcia
_c55
_dLúcia Elande
942 _2AGRIS
_n0
_cANA
999 _c116439
_d116439